Music Quiz

Random Music or Album Quiz

Garth Brooks Albums Quiz Stats

 Plays Quiz Updated Mar 19, 2021

Support Sporcle.
Go Orange.
Score 0/11 Timer 04:00
0 Plays Today
Year Album % Correct
1989Garth Brooks
75.3%
1990No Fences
63.2%
1991Ropin' the Wind
60.8%
1997Sevens
55.7%
1993In Pieces
52.7%
2020Fun
50.9%
2014Man Against Machine
50.2%
2016Gunslinger
48.3%
2001Scarecrow
47.9%
1995Fresh Horses
41.2%
1992The Chase
38.1%

From the Vault

Which Character Belongs?

by metashades

Some of these characters are a long way from home.
Remove Ads.
Support Sporcle.
Get the best of Sporcle when you Go Orange. This ad-free experience offers more features, more stats, and more fun while also helping to support Sporcle. Thank you for becoming a member.

Show Comments

Extras

Top Quizzes Today


Score Distribution

Your Account Isn't Verified!

In order to create a playlist on Sporcle, you need to verify the email address you used during registration. Go to your Sporcle Settings to finish the process.

Report this User

Report this user for behavior that violates our Community Guidelines.

Details: